00513nmm a2200169Ia 4500008004100000020001800041041000800059100002000067245004600087264006800133300001800201490003500219650001400254856005100268942000700319999001700326251105s9999||||xx |||||||||||||||||und|| a9786071613486 aspa aLafaye, Jacques 0aOctavio Paz en la deriva de la modernidad a[México D.C., Mexico] :bFondo de Cultura Económica, c2013 a253 páginas aVida y Pensamiento de México aBiography uhttps://public.digitaliapublishing.com/a/43401 cCF c75472d75472